| 000 | 01122nam a22003497a 4500 | ||
|---|---|---|---|
| 001 | 0009079 | ||
| 003 | KOHA_MİRAKIL | ||
| 005 | 20260207001657.0 | ||
| 007 | ta | ||
| 008 | 091120b2008 tu |||gr||||#||||0|tur | | ||
| 020 |
_a9789752637603 _c9,75 |
||
| 040 |
_aTR-BiSEU _btur _cTR-BiSEU _erda |
||
| 041 | 0 | _atur | |
| 044 | _ctu | ||
| 050 |
_aHT169 _b.C36 2008 |
||
| 100 | 1 | _aCansever, Turgut. | |
| 245 | 1 |
_aİstanbul'u anlamak/ _cTurgut Cansever ; Turgut Cansever. |
|
| 264 | 1 |
_aİstanbul : _bTimaş Yayınları _c2008 |
|
| 300 | _a352 sayfa; 23 cm. | ||
| 336 |
_ametin _btxt _2rdacontent |
||
| 337 |
_aaracısız _bn _2rdamedia |
||
| 338 |
_acilt _bnc _2rdacarrier |
||
| 490 | 1 |
_aTimaş yayınları ; _v1837. |
|
| 490 | 1 |
_aTarih İnceleme Araştırmala ; _v18. |
|
| 505 | _aTurkey; economic and social conditions; history. | ||
| 650 | 0 |
_aCity planning--Turkey--Istanbul. _919480 |
|
| 650 | 0 |
_aIstanbul (Turkey) _918114 |
|
| 650 | 0 |
_aIstanbul (Turkey)--Social conditions. _922629 |
|
| 830 | 1 |
_aTimaş yayınları ; _v1837. _98079 |
|
| 830 | 1 |
_aTarih İnceleme Araştırmala ; _v18. _922630 |
|
| 942 |
_2lcc _cBK |
||
| 999 |
_c9051 _d9051 |
||